A aldeia de Stiepântchikov e seus habitantes - (Record no. 206)

MARC details
000 -LÍDER
campo de controle de tamanho fixo 01557nam a2200313 4500
001 - NÚMERO DE CONTROLE
campo de controle 206
003 - IDENTIFICADOR DO NÚMERO DE CONTROLE
campo de controle OSt
005 - DATA E HORÁRIO DA ÚLTIMA TRANSAÇÃO
campo de controle 20250528074014.0
008 - CAMPO DE DADOS FIXOS--INFORMAÇÃO GERAL
campo de controle de tamanho fixo 250203b |||||||g |||| 00| 1 eng d
020 ## - ISBN - INTERNATIONAL STANDARD BOOK NUMBER
ISBN - International Standard Book Number 8574920142
040 ## - FONTE DA CATALOGAÇÃO
Idioma da catalogação por
041 ## - CÓDIGO DE IDIOMA
Código do idioma do original e/ou traduções intermediárias do texto rus
Código do idioma do texto/trilha sonora ou título diferente por
082 ## - CDD - CLASSIFICAÇÃO DECIMAL DE DEWEY
Número de Classificação 891.73
Número do exemplar D724a
100 1# - ENTRADA PRINCIPAL--NOME PESSOAL
Nome pessoal Dostoiévski, Fiódor,
Datas associadas ao nome 1821-1881
9 (RLIN) 386
240 ## - TÍTULO UNIFORME
Título uniforme Село Степанчиково и его обитатели
245 ## - TÍTULO
Título A aldeia de Stiepântchikov e seus habitantes -
Restante do título Memórias de um desconhecido /
Indicação de responsabilidade, etc. Dostoiévski, Fiódor ; Tradução de Klara Gourianova
260 ## - PUBLICAÇÃO, DISTRIBUIÇÃO, ETC.
Local de publicação, distribuição, etc. São Paulo
Nome do editor, distribuidor, etc. Nova Alexandria
Data da publicação, distribuição, etc. 2001
300 ## - DESCRIÇÃO FÍSICA
Extensão 240 p.
520 ## - NOTA DE RESUMO, ETC.
Resumo, etc. Este livro destaca-se na obra de Dostoievski por representar uma de suas faces mais surpreendentes, como escritor: o prosador satírico, criador de personagens e narrativas cômicas e patéticas. Ambientado em uma propriedade rural do interior da Rússia, A Aldeia de Stiepântchikov e Seus Habitantes narra as intrigas e confusões que se dão na convivência de uma família cercada por estranhos agregados e parasitas. No centro dos acontecimentos está Fomá Opískin - com um passado de bufão da corte, mas com uma pretensão de ser considerado um grande pensador - dominando a todos com seus caprichos e excentricidades.
650 #0 - ASSUNTO--TERMO TÓPICO
Cabeçalho tópico ou nome geográfico Literatura Russa
9 (RLIN) 195
650 #0 - ASSUNTO--TERMO TÓPICO
Cabeçalho tópico ou nome geográfico Histórico
9 (RLIN) 53
650 #0 - ASSUNTO--TERMO TÓPICO
Cabeçalho tópico ou nome geográfico Humor
9 (RLIN) 60
650 #0 - ASSUNTO--TERMO TÓPICO
Cabeçalho tópico ou nome geográfico Clássicos
9 (RLIN) 77
650 #0 - ASSUNTO--TERMO TÓPICO
Cabeçalho tópico ou nome geográfico Drama
9 (RLIN) 18
655 #0 - TERMO DE ÍNDICE--GÊNERO E FORMA
Gênero/forma/ou termo foco Romance
655 #0 - TERMO DE ÍNDICE--GÊNERO E FORMA
Gênero/forma/ou termo foco Ficção
700 ## - ENTRADA ADICIONADA - NOME PESSOAL
Nome pessoal Klara Gourianova
Função do autor por extenso Tradutor
9 (RLIN) 387
942 ## - ELEMENTOS DE ENTRADA ADICIONADOS (KOHA)
Fonte de classificação ou esquema de arquivamento Classificação decimal de Dewey
Ocultar no OPAC Não
Tipo de material Koha Livros
Holdings
Situação do descarte Situação das perdas Fonte de classificação ou esquema de arquivamento Status danificado Não pode ser emprestado Coleção Biblioteca de origem Biblioteca atual Localização na estante Data de aquisição Fonte de aquisição Total de empréstimos Número de chamada completo Código de barras Data de último acesso Data do preço efetivo Tipo de material Koha
    Classificação decimal de Dewey     Ficção Biblioteca Professor Eduardo Afonso de Castro Biblioteca Professor Eduardo Afonso de Castro Literatura Estrangeira 27.08.2002 doação   891.73 / D724a 2025-0476 31.01.2025 31.01.2025 Livros

Powered by Koha